000 00312nam a22001337a 4500
003 SGT
020 _a9781844779307
082 _a641.62
_bWAL
100 _aWANTON, STUART
245 _aTHE ULTIMATE ENCYCLOPEDIA OF WINE, BEAR,SPIRITS&LIQUEURS
260 _aHERMES HOUSE
_c2009
300 _a512
942 _2ddc
_cBK
999 _c16690
_d16690